Statistics for Furthest Capitals between Bordering Countries

Click here to take the quiz!

General Stats

  • This quiz has been taken 50 times
    (17 since last reset)
  • The average score is 114 of 139

Answer Stats

CapitalFurthest Bordering Country Capital% Correct
Tirana, AlbaniaAthens, Greece
100%
Brussels, BelgiumBerlin, Germany
100%
Minsk, BelarusMoscow, Russia
100%
Andorra la Vella, AndorraParis, France
100%
Thimphu, BhutanBeijing, China
93%
Hanoi, VietnamBeijing, China
93%
Naypyidaw, MyanmarBeijing, China
93%
Vientiane, LaosBeijing, China
93%
New Delhi, IndiaBeijing, China
93%
Bern, SwitzerlandBerlin, Germany
93%
Amsterdam, NetherlandsBerlin, Germany
93%
Luxembourg City, LuxembourgBerlin, Germany
93%
Paris, FranceBrasilia, Brazil
93%
Chisinau, MoldovaKiev, Ukraine
93%
Warsaw, PolandMoscow, Russia
93%
Oslo, NorwayMoscow, Russia
93%
Baku, AzerbaijanMoscow, Russia
93%
Vilnius, LithuaniaMoscow, Russia
93%
Beijing, ChinaMoscow, Russia
93%
Riga, LatviaMoscow, Russia
93%
Tbilisi, GeorgiaMoscow, Russia
93%
Ulaanbaatar, MongoliaMoscow, Russia
93%
Helsinki, FinlandMoscow, Russia
93%
Tallinn, EstoniaMoscow, Russia
93%
Pyongyang, North KoreaMoscow, Russia
93%
Dhaka, BangladeshNew Delhi, India
93%
Stockholm, SwedenOslo, Norway
93%
Madrid, SpainParis, France
93%
Vienna, AustriaRome, Italy
93%
Muscat, OmanSana'a, Yemen
93%
Vaduz, LiechtensteinVienna, Austria
93%
Sarajevo, Bosnia and HerzegovinaZagreb, Croatia
93%
Nouakchott, MauritaniaAlgiers, Algeria
86%
Riyadh, Saudi ArabiaAmman, Jordan
86%
Yerevan, ArmeniaAnkara, Turkey
86%
Sofia, BulgariaAnkara, Turkey
86%
Damascus, SyriaAnkara, Turkey
86%
Skopje, North MacedoniaAthens, Greece
86%
Kuwait City, KuwaitBaghdad, Iraq
86%
Algiers, AlgeriaBamako, Mali
86%
Kabul, AfghanistanBeijing, China
86%
Kathmandu, NepalBeijing, China
86%
Bishkek, KyrgyzstanBeijing, China
86%
Astana, KazakhstanBeijing, China
86%
Islamabad, PakistanBeijing, China
86%
Dushanbe, TajikistanBeijing, China
86%
Pristina, KosovoBelgrade, Serbia
86%
Jerusalem, IsraelCairo, Egypt
86%
Phnom Penh, CambodiaHanoi, Vietnam
86%
Beirut, LebanonJerusalem, Israel
86%
Gitega, BurundiKinshasa, DR Congo
86%
Windhoek, NamibiaLuanda, Angola
86%
Rabat, MoroccoNouakchott, Mauritania
86%
Rome, ItalyParis, France
86%
Berlin, GermanyParis, France
86%
Jakarta, IndonesiaPort Moresby, Papua New Guinea
86%
Moscow, RussiaPyongyang, North Korea
86%
Abu Dhabi, United Arab EmiratesRiyadh, Saudi Arabia
86%
Ljubljana, SloveniaRome, Italy
86%
Cairo, EgyptTripoli, Libya
86%
Prague, Czech RepublicWarsaw, Poland
86%
Asmara, EritreaAddis Ababa, Ethiopia
79%
Nairobi, KenyaAddis Ababa, Ethiopia
79%
Niamey, NigerAlgiers, Algeria
79%
Bamako, MaliAlgiers, Algeria
79%
Athens, GreeceAnkara, Turkey
79%
Baghdad, IraqAnkara, Turkey
79%
Tashkent, UzbekistanAstana, Kazakhstan
79%
Ashgabat, TurkmenistanAstana, Kazakhstan
79%
Buenos Aires, ArgentinaBrasilia, Brazil
79%
Montevideo, UruguayBrasilia, Brazil
79%
Lima, PeruBrasilia, Brazil
79%
Georgetown, GuyanaBrasilia, Brazil
79%
Bogota, ColombiaBrasilia, Brazil
79%
Caracas, VenezuelaBrasilia, Brazil
79%
Asuncion, ParaguayBrasilia, Brazil or La Paz, Bolivia
79%
Kiev, UkraineBratislava, Slovakia
79%
Libreville, GabonBrazzaville, Republic of the Congo
79%
Belgrade, SerbiaBucharest, Romania
79%
La Paz/Sucre, BoliviaBuenos Aires, Argentina or Brasilia, Brazil
79%
Mbabane, EswatiniCape Town, South Africa
79%
Gaborone, BotswanaCape Town, South Africa
79%
Yamoussoukro, Cote d'IvoireConakry, Guinea
79%
Bissau, Guinea-BissauDakar, Senegal
79%
Kinshasa, DR CongoDodoma, Tanzania
79%
Maputo, MozambiqueDodoma, Tanzania
79%
Tehran, IranIslamabad, Pakistan
79%
Bangui, Central African RepublicKhartoum, Sudan
79%
Bucharest, RomaniaKiev, Ukraine
79%
Budapest, HungaryKiev, Ukraine
79%
Bratislava, SlovakiaKiev, Ukraine
79%
Kigali, RwandaKinshasa, DR Congo
79%
Dodoma, TanzaniaKinshasa, DR Congo
79%
Bangkok, ThailandKuala Lumpur, Malaysia
79%
Malabo, Equatorial GuineaLibreville, Gabon
79%
Santiago, ChileLima, Peru
79%
Quito, EcuadorLima, Peru
79%
Luanda, AngolaLusaka, Zambia
79%
Lilongwe, MalawiMaputo, Mozambique
79%
Belmopan, BelizeMexico City, Mexico
79%
Washington, United StatesMexico City, Mexico
79%
Djibouti, DjiboutiMogadishu, Somalia
79%
Sana'a, YemenMuscat, Oman
79%
Addis Ababa, EthiopiaNairobi, Kenya
79%
Yaounde, CameroonN'Djamena, Chad
79%
Tripoli, LibyaNiamey, Niger
79%
Porto Novo, BeninOuagadougou, Burkina Faso
79%
Accra, GhanaOuagadougou, Burkina Faso
79%
Zagreb, CroatiaPodgorica, Montenegro
79%
Amman, JordanRiyadh, Saudi Arabia
79%
Managua, NicaraguaSan Jose, Costa Rica
79%
Ankara, TurkeyTehran, Iran
79%
Mexico City, MexicoWashington, United States
79%
Monrovia, LiberiaYamoussoukro, Cote d'Ivoire
79%
Conakry, GuineaYamoussoukro, Cote d'Ivoire
79%
Tunis, TunisiaAlgiers, Algeria
71%
Kuala Lumpur, MalaysiaBandar Seri Begawan, Brunei
71%
Brazzaville, Republic of the CongoBangui, Central African Republic
71%
Panama City, PanamaBogota, Colombia
71%
Mogadishu, SomaliaDjibouti, Djibouti
71%
Tegucigalpa, HondurasGuatemala City, Guatemala
71%
Kampala, UgandaKinshasa, DR Congo
71%
Juba, South SudanKinshasa, DR Congo
71%
Lusaka, ZambiaKinshasa, DR Congo
71%
Guatemala City, GuatemalaMexico City, Mexico
71%
Freetown, Sierra LeoneMonrovia, Liberia
71%
Abuja, NigeriaN'Djamena, Chad
71%
San Jose, Costa RicaPanama City, Panama
71%
Brasilia, BrazilParis, France
71%
Paramaribo, SurinameParis, France
71%
Ouagadougou, Burkina FasoPorto Novo, Benin
71%
Khartoum, SudanTripoli, Libya
71%
N'Djamena, ChadTripoli, Libya
71%
Bloemfontein/Cape Town/Pretoria, South AfricaWindhoek, Namibia or Harare, Zimbabwe
71%
Podgorica, MontenegroZagreb, Croatia
71%
Dakar, SenegalBamako, Mali
64%
Lome, TogoOuagadougou, Burkina Faso
64%
San Salvador, El SalvadorTegucigalpa, Honduras
64%
Harare, ZimbabweCape Town, South Africa
57%

Score Distribution

Percentile by Number Answered

Percent of People with Each Score

Your Score History

You have not taken this quiz since the last reset